Thiên văn vật lí
Gardado en:
| Autor Principal: | |
|---|---|
| Formato: | Libro |
| Idioma: | Undetermined |
| Publicado: |
H.
Giáo Dục
2002
|
| Những chủ đề: | |
| Các nhãn: |
Engadir etiqueta
Sen Etiquetas, Sexa o primeiro en etiquetar este rexistro!
|
| Thư viện lưu trữ: | Trung tâm Học liệu Trường Đại học Cần Thơ |
|---|
| LEADER | 00483nam a2200181Ia 4500 | ||
|---|---|---|---|
| 001 | CTU_52414 | ||
| 008 | 210402s9999 xx 000 0 und d | ||
| 020 | |b 55000 | ||
| 082 | |a 532.01 | ||
| 082 | |b Th105 | ||
| 100 | |a Donat G Wentzel ... [et al.] | ||
| 245 | 0 | |a Thiên văn vật lí | |
| 245 | 0 | |c Donat G. Wentzel ... [et al.] | |
| 260 | |a H. | ||
| 260 | |b Giáo Dục | ||
| 260 | |c 2002 | ||
| 650 | |a astrophysics | ||
| 980 | |a Trung tâm Học liệu Trường Đại học Cần Thơ | ||